filmographie charlotte gainsbourg - Statistiques

Statistiques générales
  • Ce quiz a été pris 80 fois
  • Le résultat moyen est 9 sur 43
Statistiques - réponses
Hint Réponse % Correct
1985 l'effrontée
66%
2006 prête moi ta main
66%
2011 melancholia
61%
2013 nymphomaniac
61%
1988 la petite voleuse
59%
2009 antichrist
56%
2001 ma femme est une actrice
54%
1999 la bûche
51%
2014 samba
39%
1986 charlotte for ever
37%
2004 ils se marièrent et eurent beaucoup d'enfants
32%
1996 jane eyre
32%
1984 paroles et musique
27%
1990 merci la vie
24%
2003 21 grammes
22%
1991 amoureuse
22%
1996 love etc
22%
1988 kung fu master
20%
1988 jane b par agnes v
17%
2010 l'arbre
17%
1996 anna oz
15%
2005 la science des rêves
15%
2014 3 coeurs
12%
1991 aux yeux du monde
12%
1992 cement garden
12%
2006 golden door
10%
1985 la tentation d'isabelle
10%
2012 do not disturb
7%
2007 i'm not there
7%
2014 jacky au royaume des filles
7%
2004 l'un reste l'autre part
7%
2000 félix et lola
5%
2005 lemming
5%
2014 l'incomprise
5%
2008 persécution
5%
2013 son épouse
5%
1999 suspicion
5%
2012 confession d'un enfant du siècle
2%
2015 every thing will be fine
2%
1994 grosse fatigue
2%
1989 le soleil même la nuit
2%
1999 passionément
2%
2009 the city of your final destination
2%
Aucun quiz correspondant
Distribution des résultats
% des personnes avec chaque résultat
Percentile par nombre de réponses
Votre historique - résultats
Vous n’avez pas pris ce quiz